Zvýšiť konkurencieschopnosť

Slovenské strojárstvo vo faktoch. Logistika v strojárskom podniku. Využitie metódy Kaizen a Lean enterprises. Just in time (JIT) v súčasnej logistike. Pojem Cross-dock. Outsourcing ako strategický nástroj v logistike. Preprava strojárskych výrobkov.

Guardado en:
Detalles Bibliográficos
Autor principal: Moravčík, Tomáš
Formato: Capítulo de libro
Lenguaje:eslovaco
Materias:
Etiquetas: Agregar Etiqueta
Sin Etiquetas, Sea el primero en etiquetar este registro!

MARC

LEADER 00000naa$a2200000$$$4500
001 0088665
005 20231128134706.9
041 0 |a slo 
044 |a CZ 
245 1 0 |a Zvýšiť konkurencieschopnosť  |c Tomáš Moravčík 
520 |a Slovenské strojárstvo vo faktoch. Logistika v strojárskom podniku. Využitie metódy Kaizen a Lean enterprises. Just in time (JIT) v súčasnej logistike. Pojem Cross-dock. Outsourcing ako strategický nástroj v logistike. Preprava strojárskych výrobkov. 
610 2 0 |a priemysel strojársky 
610 2 0 |a podnik strojársky 
610 2 0 |a logistika 
610 2 0 |a riadenie podnikové 
610 2 0 |a metódy riadenia 
610 2 0 |a outsourcing 
610 2 0 |a preprava 
610 2 0 |a skladovanie 
610 2 0 |a konkurencieschopnosť 
100 1 |a Moravčík, Tomáš